Angola in different Languages - Statistics

General Stats
  • This quiz has been taken 9 times
  • The average score is 11 of 15
Answer Stats
"Angola" Language % Correct
أنغولا Arabic
100%
Ανγκόλα Greek
100%
अंगोला Hindi/ Marathi
100%
앙골라 Korean
100%
አንጎላ Amharic
88%
Անգոլա Armenian
88%
ანგოლა Georgian
88%
அங்கோலா Tamil
88%
انگولا Urdu
88%
এঙ্গোলা Bengali
63%
ඇන්ගෝලාව Sinhala
63%
అంగోలా Telugu
63%
Ăng-gô-la Vietnamese
63%
Anqola Azerbaijani/ Azeri
25%
l-Angola Maltese
25%
No matching quizzes found
Score Distribution
Percent of People with Each Score
Percentile by Number Answered
Your Score History
You have not taken this quiz